| 000 | 00000nam##2200000za#4500 |
| 001 | 9.635408 |
| 003 | CaOODSP |
| 005 | 20210624220236 |
| 007 | cr ||||||||||| |
| 008 | 150407|2008||||xxc|||||o f|0| 0 fre|d |
| 020 | |a978-0-662-04096-5 |
| 040 | |aCaOODSP|bfre |
| 043 | |an-cn--- |
| 086 | 1 |aH14-34/2008F-PDF |
| 110 | 1 |aCanada.|bProcréation assistée Canada. |
| 245 | 13|aLa loi sur la Procréation assistée : |h[ressource électronique]|bguide pour les patient(e)s |
| 260 | |aOttawa - Ontario : |bProcréation assistée Canada |cc2008. |
| 300 | |a1p. |
| 500 | |aLe n° de catalogue (H12-34/2008) et l’ISBN (978-0-662-05775-8) de l'édition imprimée bilingue ont été incorrectement copiés dans l’édition PDF. |
| 590 | |a09-09|b2009-02-27 |
| 691 | 07|aProcréatique|2gcpds |
| 775 | 08|tThe Assisted Human Reproduction Act : |w(CaOODSP)9.691073 |
| 776 | 0#|tThe Assisted Human Reproduction Act : |w(CaOODSP)9.670203 |
| 776 | 0#|tLa loi sur la Procréation assistée : |w(CaOODSP)9.670204 |
| 856 | 40|ahttp://publications.gc.ca|qPDF|s548 Ko|uhttps://publications.gc.ca/collections/collection_2009/sc-hc/H14-34-2008F.pdf |